|
|
|
|
| LEADER |
00000nam2a2200000 4500 |
| 001 |
59669 |
| 005 |
20231031060351.0 |
| 010 |
|
|
|a 5229011572
|
| 035 |
|
|
|a (RuTPU)RU\TPU\book\63124
|
| 090 |
|
|
|a 59669
|
| 100 |
|
|
|a 20040123d1993 k y0rusy50 ca
|
| 101 |
0 |
|
|a rus
|
| 102 |
|
|
|a RU
|
| 105 |
|
|
|a a g 000zy
|
| 200 |
0 |
|
|a Кн. 1
|
| 210 |
|
|
|d 1993
|
| 215 |
|
|
|a 272 с.
|c ил.
|
| 461 |
|
1 |
|0 (RuTPU)RU\TPU\book\63123
|y 5-229-00852-0
|t Метрологическое обеспечение технологических процессов черной металлургии (метрология и информатика)
|o Справочник
|o В 2 кн.
|f Ю. В. Серов
|v Кн. 1
|d 1993-
|
| 610 |
1 |
|
|a черная металлургия
|
| 610 |
1 |
|
|a метрологическое обеспечение
|
| 610 |
1 |
|
|a справочники
|
| 610 |
1 |
|
|a метрология
|
| 675 |
|
|
|a 669.1(035)
|v 3
|
| 801 |
|
1 |
|a RU
|b 63413507
|c 20040123
|g PSBO
|
| 801 |
|
2 |
|a RU
|b 63413507
|c 20170919
|g PSBO
|
| 942 |
|
|
|c BK
|